[Event "Ankara Ipek Memorial 8th"]
[Site "Ankara"]
[Date "2020.03.08"]
[Round "7"]
[White "Tastan, Tuna Yasin"]
[Black "Nazli, Sertan"]
[Result "0-1"]
[WhiteElo "1535"]
[BlackElo "1745"]
[PlyCount "56"]
[EventDate "2020.03.04"]
[EventType "swiss"]
[EventRounds "7"]
[EventCountry "TUR"]
[SourceTitle "CBM 195 Extra"]
[Source "ChessBase"]
[SourceDate "2020.05.31"]
[SourceVersion "1"]
[SourceVersionDate "2020.05.31"]
[SourceQuality "1"]

1. e4 e5 2. Nf3 Nc6 3. Bc4 Nf6 4. d3 Bc5 5. Be3 Bb6 6. Nc3 d6 7. Qd2 h6 8. h3 Be6 9. Bxe6 fxe6 10. Bxb6 axb6 11. d4 Qe7 12. dxe5 dxe5 13. 0-0 0-0 14. Rad1 Rf7 15. a3 Nh5 16. Ne2 Rxf3 17. gxf3 Nd4 18. Nxd4 exd4 19. Kg2 Rf8 20. Rg1 e5 21. Kf1 Qh4 22. Ke1 Rxf3 23. Qe2 Re3 24. Rg4 Rxe2+ 25. Kxe2 Qxh3 26. Rdg1 d3+ 27. Kd2 Qf3 28. R1g2 g5 0-1

[Event "Ankara Ipek Memorial 8th"]
[Site "Ankara"]
[Date "2020.03.07"]
[Round "3"]
[White "Aslan, Ali Efe"]
[Black "Nazli, Sertan"]
[Result "0-1"]
[WhiteElo "1394"]
[BlackElo "1745"]
[PlyCount "62"]
[EventDate "2020.03.04"]
[EventType "swiss"]
[EventRounds "7"]
[EventCountry "TUR"]
[SourceTitle "CBM 195 Extra"]
[Source "ChessBase"]
[SourceDate "2020.05.31"]
[SourceVersion "1"]
[SourceVersionDate "2020.05.31"]
[SourceQuality "1"]

1. e4 e5 2. Nf3 Nc6 3. Nc3 Nf6 4. Be2 d5 5. exd5 Nxd5 6. 0-0 Nxc3 7. bxc3 e4 8. Ne1 f5 9. f3 Bc5+ 10. Kh1 Bd6 11. fxe4 fxe4 12. g3 Bh3 13. Ng2 Qd7 14. Bc4 Ne5 15. Bd5 0-0-0 16. Nf4 Rhf8 17. Re1 Bg4 18. Qxg4 Nxg4 19. Be6 Bxf4 20. Bxd7+ Rxd7 21. gxf4 Rxf4 22. h3 Nf6 23. Kg2 Rf5 24. Re2 Rf7 25. Ba3 Rf3 26. Rf1 Nh5 27. Ree1 Nf4+ 28. Kh2 Rxh3+ 29. Kg1 Rg3+ 30. Kh2 Rg4 31. Rxe4 Rf6 0-1

[Event "TUR-chT2"]
[Site "Konya"]
[Date "2018.07.14"]
[Round "7.10"]
[White "Nazli, Sertan"]
[Black "Iyigun, Emirhan"]
[Result "1-0"]
[WhiteElo "1731"]
[BlackElo "1535"]
[PlyCount "57"]
[EventDate "2018.07.10"]
[EventType "team-swiss"]
[EventRounds "9"]
[EventCountry "TUR"]
[SourceTitle "EXT 2019"]
[Source "ChessBase"]
[SourceDate "2018.10.10"]
[SourceVersion "1"]
[SourceVersionDate "2018.10.10"]
[SourceQuality "1"]
[WhiteTeam "Genclik Mudurlugu"]
[BlackTeam "Antalya Deniz Genclik"]
[WhiteTeamCountry "TUR"]
[BlackTeamCountry "TUR"]

1. e4 g6 2. d4 Bg7 3. Nc3 c6 4. f4 d5 5. e5 h5 6. Bd3 Bg4 7. Nf3 e6 8. Be3 Nh6 9. h3 Bxf3 10. Qxf3 h4 11. 0-0-0 Nf5 12. Bf2 Nd7 13. Rde1 Qa5 14. Qg4 Bf8 15. Bxf5 gxf5 16. Qg5 Bh6 17. Qxh4 b5 18. Kb1 b4 19. Ne2 Qb5 20. g4 Bg7 21. Qg3 fxg4 22. Qxg4 Bh6 23. Bh4 a5 24. f5 exf5 25. Qxf5 Bd2 26. e6 fxe6 27. Qxe6+ Kf8 28. Ref1+ Kg7 29. Rhg1+ 1-0

[Event "TUR Cup										"]
[Site "Antalya"]
[Date "2018.02.01"]
[Round "9"]
[White "Baysan, Ersin"]
[Black "Nazli, Sertan"]
[Result "1-0"]
[WhiteElo "1881"]
[BlackElo "1672"]
[PlyCount "87"]
[EventDate "2018.01.27"]
[EventType "swiss"]
[EventRounds "11"]
[EventCountry "TUR"]
[SourceTitle "CBM 182 Extra"]
[Source "ChessBase"]
[SourceDate "2018.02.23"]
[SourceVersion "1"]
[SourceVersionDate "2018.02.23"]
[SourceQuality "1"]

1. d4 Nf6 2. c4 c5 3. d5 b5 4. cxb5 a6 5. bxa6 g6 6. Nc3 Bg7 7. e4 0-0 8. Nf3 Qa5 9. Bd2 Bxa6 10. Bxa6 Qxa6 11. Qe2 e6 12. Qxa6 Nxa6 13. dxe6 fxe6 14. 0-0 d5 15. exd5 exd5 16. Rfe1 Rfe8 17. Bg5 d4 18. Bxf6 Bxf6 19. Ne4 Kg7 20. Rac1 d3 21. b3 Nb4 22. Nxf6 Kxf6 23. a4 Re2 24. Red1 Rc2 25. Ra1 Rb2 26. Rab1 Ra2 27. Rd2 Rxd2 28. Nxd2 Re8 29. f3 Re2 30. Ne4+ Ke5 31. Kf1 Ra2 32. Nxc5 Kd4 33. Ne4 Ke3 34. Re1+ Re2 35. Nc3 Kd2 36. Rxe2+ Kxc3 37. Re8 Nc2 38. Rc8+ Kxb3 39. a5 Nb4 40. Ke1 Ka4 41. Kd2 Kxa5 42. Rh8 Nd5 43. Rxh7 Nb4 44. Rg7 1-0

[Event "TUR Cup										"]
[Site "Antalya"]
[Date "2018.01.31"]
[Round "7"]
[White "Arpa, Emre"]
[Black "Nazli, Sertan"]
[Result "0-1"]
[WhiteElo "1816"]
[BlackElo "1672"]
[PlyCount "100"]
[EventDate "2018.01.27"]
[EventType "swiss"]
[EventRounds "11"]
[EventCountry "TUR"]
[SourceTitle "CBM 182 Extra"]
[Source "ChessBase"]
[SourceDate "2018.02.23"]
[SourceVersion "1"]
[SourceVersionDate "2018.02.23"]
[SourceQuality "1"]

1. e4 e5 2. Nf3 Nc6 3. Bc4 Nf6 4. 0-0 Nxe4 5. Bd5 Nf6 6. Bxc6 dxc6 7. Nxe5 Bd6 8. Nf3 0-0 9. d3 h6 10. b3 Bg4 11. Bb2 Re8 12. Nbd2 Bb4 13. c3 Bf8 14. d4 c5 15. Qc2 cxd4 16. cxd4 Nd5 17. Ne5 Be6 18. a3 Nf4 19. Ne4 Bf5 20. f3 Qd5 21. Rad1 f6 22. Nxf6+ gxf6 23. Qxf5 fxe5 24. dxe5 Qf7 25. Qg4+ Kh7 26. Rd7 Bc5+ 27. Kh1 Re7 28. e6 Nxe6 29. Rxe7 Bxe7 30. Qe4+ Qg6 31. Re1 Rd8 32. Qxg6+ Kxg6 33. Rxe6+ Kf7 34. Re1 Rd2 35. Bc1 Ra2 36. Bxh6 Rxa3 37. Rb1 a5 38. Bc1 Ra2 39. h3 Bd6 40. Kg1 Kg6 41. Be3 b5 42. Bf2 a4 43. bxa4 bxa4 44. g4 a3 45. Bd4 Kg5 46. Be3+ Kh4 47. Bf2+ Kxh3 48. g5 Be5 49. Rb8 Ra1+ 50. Be1 Rxe1+ 0-1

[Event "TUR-chT2"]
[Site "Konya"]
[Date "2017.07.13"]
[Round "7.5"]
[White "Yungucu, Arda"]
[Black "Nazli, Sertan"]
[Result "0-1"]
[WhiteElo "1833"]
[BlackElo "1632"]
[PlyCount "102"]
[EventDate "2017.07.09"]
[EventType "team-swiss"]
[EventRounds "9"]
[EventCountry "TUR"]
[SourceTitle "CBM 179 Extra"]
[Source "ChessBase"]
[SourceDate "2017.08.23"]
[SourceVersion "1"]
[SourceVersionDate "2017.08.23"]
[SourceQuality "1"]
[WhiteTeam "Buyuk Ustalar"]
[BlackTeam "Anadolu Besiktasililar"]
[WhiteTeamCountry "TUR"]
[BlackTeamCountry "TUR"]

1. d4 Nf6 2. Nf3 c5 3. c3 d5 4. g3 Bf5 5. Bg2 e6 6. 0-0 Nc6 7. Nbd2 h6 8. Re1 Qb6 9. Qb3 c4 10. Qa4 Bh7 11. Ne5 Bd6 12. e4 Bxe5 13. exd5 exd5 14. Rxe5+ Kf8 15. Re1 Kg8 16. b3 Qa5 17. Qxa5 Nxa5 18. Ba3 Bg6 19. Be7 Ne4 20. Bxe4 dxe4 21. d5 b6 22. b4 Re8 23. bxa5 Rxe7 24. axb6 axb6 25. Nxc4 Rc7 26. Nxb6 Rxc3 27. Rac1 Rd3 28. Rc8+ Kh7 29. Rxh8+ Kxh8 30. a4 f5 31. Rc1 Bf7 32. Rc5 Bh5 33. g4 Bxg4 34. Rc1 f4 35. Ra1 e3 36. fxe3 fxe3 37. a5 e2 38. Re1 Ra3 39. Nc4 Ra4 40. Ne3 Bh5 41. Rc1 Rxa5 42. Kf2 Ra3 43. Ng2 Rd3 44. Rc5 Rf3+ 45. Ke1 Rf1+ 46. Kd2 Rd1+ 47. Kc2 Bf3 48. Rc8+ Kh7 49. Re8 Rg1 50. d6 Rxg2 51. Kd2 Rg1 0-1

[Event "TUR-chT2"]
[Site "Konya"]
[Date "2017.07.10"]
[Round "3.11"]
[White "Nazli, Sertan"]
[Black "Durak, Ahmet"]
[Result "1-0"]
[WhiteElo "1632"]
[BlackElo "1481"]
[PlyCount "59"]
[EventDate "2017.07.09"]
[EventType "team-swiss"]
[EventRounds "9"]
[EventCountry "TUR"]
[SourceTitle "CBM 179 Extra"]
[Source "ChessBase"]
[SourceDate "2017.08.23"]
[SourceVersion "1"]
[SourceVersionDate "2017.08.23"]
[SourceQuality "1"]
[WhiteTeam "Anadolu Besiktasililar"]
[BlackTeam "Genclik Bitlis"]
[WhiteTeamCountry "TUR"]
[BlackTeamCountry "TUR"]

1. e4 c5 2. d4 cxd4 3. c3 dxc3 4. Nxc3 Nc6 5. Nf3 e6 6. Bc4 Nf6 7. 0-0 d6 8. Bf4 Be7 9. Qe2 e5 10. Bg5 0-0 11. Rfd1 Be6 12. Bb5 a6 13. Bxc6 bxc6 14. Nxe5 Qc7 15. Nf3 h6 16. Bf4 Nh5 17. Be3 f5 18. Nd4 Bf7 19. Nxf5 Bg6 20. Nxe7+ Qxe7 21. Qc4+ d5 22. Qxc6 Bxe4 23. Nxe4 dxe4 24. Bc5 Qf7 25. Bxf8 Rxf8 26. Qd5 Qxd5 27. Rxd5 Nf4 28. Rd6 Nd3 29. f3 Nxb2 30. fxe4 1-0

[Event "TUR-chT2"]
[Site "Konya"]
[Date "2017.07.10"]
[Round "2.2"]
[White "Yolcu, Anil"]
[Black "Nazli, Sertan"]
[Result "1-0"]
[WhiteElo "1861"]
[BlackElo "1632"]
[PlyCount "115"]
[EventDate "2017.07.09"]
[EventType "team-swiss"]
[EventRounds "9"]
[EventCountry "TUR"]
[SourceTitle "CBM 179 Extra"]
[Source "ChessBase"]
[SourceDate "2017.08.23"]
[SourceVersion "1"]
[SourceVersionDate "2017.08.23"]
[SourceQuality "1"]
[WhiteTeam "Ankara DSI Genclik"]
[BlackTeam "Anadolu Besiktasililar"]
[WhiteTeamCountry "TUR"]
[BlackTeamCountry "TUR"]

1. e4 e5 2. Nf3 Nc6 3. d4 exd4 4. Bc4 Nf6 5. e5 d5 6. Bb5 Ne4 7. Nxd4 Bd7 8. Bxc6 bxc6 9. 0-0 Bc5 10. f3 Ng5 11. f4 Ne4 12. Be3 Bb6 13. Nd2 Nxd2 14. Qxd2 c5 15. Nf3 d4 16. Bf2 0-0 17. a4 a5 18. Qd3 Qc8 19. Nh4 f6 20. Nf3 Bf5 21. Qd2 Qe6 22. exf6 Rxf6 23. Bh4 Qe3+ 24. Qxe3 dxe3 25. Bxf6 gxf6 26. c4 Re8 27. Rac1 Re4 28. Rfe1 Kf7 29. g3 Bg4 30. Kg2 c6 31. Rc3 e2 32. Kf2 Re8 33. Rxe2 Rd8 34. Rb3 Bc7 35. Rb7 Rd7 36. Rd2 Re7 37. Kg2 Kf8 38. Kf2 Kf7 39. Ra7 Kf8 40. Rd3 Kf7 41. Rb7 Be6 42. Re3 Rd7 43. Rc3 Kg7 44. Rc2 Kh6 45. Kg2 Bf5 46. Rd2 Re7 47. h3 Be4 48. Re2 f5 49. Rd2 Bxf3+ 50. Kxf3 Bxf4 51. Rxe7 Bxd2 52. Re6+ Kg7 53. Rxc6 Bb4 54. Kf4 Kf7 55. Kxf5 Kg7 56. Rc7+ Kh6 57. g4 Bd2 58. h4 1-0

[Event "TUR Cup"]
[Site "Antalya"]
[Date "2017.01.30"]
[Round "4"]
[White "Bitirgen, Bilent"]
[Black "Nazli, Sertan"]
[Result "1-0"]
[WhiteElo "1866"]
[BlackElo "1594"]
[PlyCount "97"]
[EventDate "2017.01.28"]
[EventType "swiss"]
[EventRounds "11"]
[EventCountry "TUR"]
[SourceTitle "CBM 176 Extra"]
[Source "ChessBase"]
[SourceDate "2017.03.02"]
[SourceVersion "1"]
[SourceVersionDate "2017.03.02"]
[SourceQuality "1"]

1. d4 d5 2. c4 c6 3. Nf3 Nf6 4. Nc3 dxc4 5. a4 Bf5 6. Ne5 Nbd7 7. Nxc4 Qc7 8. g3 e5 9. dxe5 Nxe5 10. Bf4 Nfd7 11. Nxe5 Nxe5 12. Qd4 Bd6 13. Rd1 Rd8 14. Qe3 0-0 15. Rxd6 Qxd6 16. Bxe5 Qd7 17. Qc1 Rfe8 18. Bf4 Bh3 19. Bg5 f6 20. Be3 Bxf1 21. Kxf1 Qh3+ 22. Kg1 Rd7 23. Qf1 Qe6 24. h3 h5 25. h4 Qb3 26. Qb1 b5 27. axb5 cxb5 28. Kg2 Kh8 29. Qf5 Qf7 30. Ra1 b4 31. Ne4 Re5 32. Qf3 Qe8 33. Nc5 Rde7 34. Nd3 Re4 35. Ra5 g6 36. Qxf6+ Kh7 37. Nf4 R4e5 38. Rxe5 Rxe5 39. Bd4 Re7 40. Ne6 Rb7 41. Ng5+ Kh6 42. Be3 Qa8 43. Kh2 a5 44. Bc5 Rb8 45. Nf7+ Kh7 46. Ng5+ Kh6 47. Ne6 Rg8 48. Bf8+ Rxf8 49. Nxf8 1-0